Statistics for Fifa 22 Top 50 ST/CF

Click here to take the quiz!

General Stats

  • This quiz has been taken 257 times
  • The average score is 41 of 50

Answer Stats

RatingClubNationPlayer% Correct
91Manchester UnitedPortugalCristiano Ronaldo
100%
90Tottenham HotspurEnglandHarry Kane
100%
89Real MadridFranceKarim Benzema
100%
91PSGFranceKylian Mbappe
100%
92Bayern MunichPolandRobert Lewandowski
100%
88Borussia DortmundNorwayErling Haaland
99%
88Atletico MadridUruguayLuis Suarez
99%
88ChelseaBelgiumRomelu Lukaku
99%
86Leicester CityEnglandJamie Vardy
95%
85LiverpoolBrazilRoberto Firmino
95%
87LatiumItalyCiro Immobile
94%
85Manchester UnitedUruguayEdinson Cavani
94%
85FC BarcelonaNetherlandsMemphis Depay
94%
87Piemonte CalcioArgentinaPaulo Dybala
94%
85Inter MilanArgentinaLautaro Martinez
93%
85ArsenalGabonPierre-Emerick Aubameyang
93%
84AC MilanSwedenZlatan Ibrahimovic
93%
85Atletico MadridFranceAntoine Griezmann
92%
84ChelseaGermanyTimo Werner
92%
87FC BarcelonaArgentinaSergio Aguero
91%
83Manchester CityBrazilGabriel Jesus
90%
82ArsenalFranceAlexandre Lacazette
88%
84NapoliBelgiumDries Mertens
88%
86Villarreal CFSpainGerard Moreno
87%
83Atletico MadridPortugalJoao Felix
87%
83PSGArgentinaMauro Icardi
87%
83WolvesMexicoRaul Jimenez
87%
83Piemonte CalcioSpainAlvaro Morata
86%
83Inter MilanBosnia-HerzegovinaEdin Dzeko
86%
82EvertonBrazilRicharlison
85%
84AS MonacoFranceWissam Ben Yedder
85%
84RB LeipzigPortugalAndre Silva
83%
83Bergamo CalcioColombiaDuvan Zapata
79%
84RC CeltaSpainIago Aspas
79%
83Atletico MadridArgentinaAngel Correa
78%
82Real SociedadSwedenAlexander Isak
76%
81Inter Miami CFArgentinaGonzalo Higuain
72%
83AS MonacoGermanyKevin Volland
72%
83TSG HoffenheimCroatiaAndrej Kramaric
71%
84Bergamo CalcioSloveniaJosip Ilicic
70%
83Roma FCArmeniaHenrikh Mkhitaryan
68%
82Bergamo CalcioColombiaLuis Muriel
65%
83VFL WolfsburgNetherlandsWout Weghorst
60%
81TorinoItalyAndrea Belotti
59%
82Al-NassrBrazilAnderson Talisca
55%
81Athletic BilbaoSpainInaki Williams
53%
82Sevilla FCMoroccoYoussef En-Nesyri
50%
81OGC NiceAlgeriaAndy Delort
41%
81Bergamo CalcioUkraineRuslan Malinovskyi
34%
81Villarreal CFSpainPaco Alcacer
32%

Score Distribution

Percentile by Number Answered

Percent of People with Each Score

Your Score History

You have not taken this quiz